Babymonster members - Statistics

General Stats
  • This quiz has been taken 488 times
  • The average score is 7 of 7
Answer Stats
Picture Answer % Correct
Ruka
98%
Ahyeon
97%
Asa
97%
Pharita
97%
Rami
97%
Chiquita
96%
Rora
96%
No matching quizzes found
Score Distribution
Percent of People with Each Score
Percentile by Number Answered
Your Score History
You have not taken this quiz